000 00344nam a22001337a 4500
008 250617b |||||||| |||| 00| 0 eng d
020 _a9788178807294
050 _aHD 9000
_b.T 43
100 _aThakur, M.N
245 _aTextbook of Agribusiness Managements
260 _aNew Delhi
_bRajat Publication
_c2017
300 _a272p
942 _cBK
999 _c3872
_d3872